Calculations of Variations:With Applications to Physics and Engineering. (Record no. 8353)

MARC details
000 -LEADER
fixed length control field 00529nam a22001937a 4500
003 - CONTROL NUMBER IDENTIFIER
control field OSt
005 - DATE AND TIME OF LATEST TRANSACTION
control field 20240604203559.0
008 - FIXED-LENGTH DATA ELEMENTS--GENERAL INFORMATION
fixed length control field 240604b |||||||| |||| 00| 0 eng d
020 ## - INTERNATIONAL STANDARD BOOK NUMBER
International Standard Book Number 0486630692
040 ## - CATALOGING SOURCE
Transcribing agency DDC
082 ## - DEWEY DECIMAL CLASSIFICATION NUMBER
Classification number 515.64 WEI 1974.
100 ## - MAIN ENTRY--PERSONAL NAME
Relator code Weinstock Robert.
245 ## - TITLE STATEMENT
Title Calculations of Variations:With Applications to Physics and Engineering.
260 ## - PUBLICATION, DISTRIBUTION, ETC. (IMPRINT)
Place of publication, distribution, etc. New York,
Name of publisher, distributor, etc. Dover Publications,
Date of publication, distribution, etc. 1974.
300 ## - PHYSICAL DESCRIPTION
Extent x;326p,
Other physical details ill,
Dimensions 21.4cm.
504 ## - BIBLIOGRAPHY, ETC. NOTE
Bibliography, etc Index.
650 ## - SUBJECT ADDED ENTRY--TOPICAL TERM
Topical term or geographic name as entry element Mathematics.
942 ## - ADDED ENTRY ELEMENTS (KOHA)
Source of classification or shelving scheme Dewey Decimal Classification
Koha item type Open Shelf
Holdings
Withdrawn status Lost status Source of classification or shelving scheme Damaged status Not for loan Home library Current library Date acquired Source of acquisition Inventory number Total Checkouts Barcode Date last seen Price effective from Koha item type Full call number
    Dewey Decimal Classification     MUST Main Library MUST Main Library 04/06/2024 purchase 515.64 WEI 1974.   2024-20212 04/06/2024 04/06/2024 Open Shelf  
    Dewey Decimal Classification     MUST Main Library MUST Main Library 17/06/2024 Purchase 06/28299   2024-20648 17/06/2024 17/06/2024 Open Shelf 515.64 WEI 1974.